Determinación del comportamiento del índice de plasticidad de una mezcla de pasta arcillosa durante la etapa de maduración

En el presente trabajo se determinó la influencia de la maduración de la pasta arcillosa elaborada por artesanos sobre la propiedad tecnológica plasticidad, para tal fin se realizó el tratamiento de una mezcla de arcilla de 3 yacimientos diferentes de la Región de San Juan de Oriente

Bibliographic Details
Main Authors: Salinas Jarquín, Judith de los Ángeles, Ñurinda Barquero, Kellner Ramsés
Other Authors: Tutor: Ramírez Meza, Javier Enrique
Format: Tesis Section = Libro
Language:Undetermined
Spanish
Published: Managua UNI 2013
Subjects:
LEADER 01157nam a2200253Ia 4500
008 240830s9999 xx 000 0 und d
040 |a BIBLIOTECA-RUSB/ Mon 666.42 S165 
041 |a spa 
082 |a Mon 666.42 S165 
100 1 |a Salinas Jarquín, Judith de los Ángeles 
100 1 |b Ñurinda Barquero, Kellner Ramsés 
245 1 0 |a Determinación del comportamiento del índice de plasticidad de una mezcla de pasta arcillosa durante la etapa de maduración 
260 |a Managua  |b UNI  |c 2013 
300 |a 46 p. :il. 
502 |a Tesis (Ingeniero Químico) - UNI, 2013. 
520 3 |a En el presente trabajo se determinó la influencia de la maduración de la pasta arcillosa elaborada por artesanos sobre la propiedad tecnológica plasticidad, para tal fin se realizó el tratamiento de una mezcla de arcilla de 3 yacimientos diferentes de la Región de San Juan de Oriente 
650 7 |a ARCILLA - TECNOLOGIA 
650 7 |b  PROPIEDADES FISICAS Y MECANICAS 
650 7 |c  GRANULOMETRIA 
650 7 |d  PRODUCCION DE CERAMICA ARTESANAL 
700 1 |a Tutor:  |b Ramírez Meza, Javier Enrique 
942 |c BK  |2 ddc 
991 |a TESIS 
999 |c 20761